书目信息 |
| 题名: |
非电量电测技术
|
|
| 作者: | 严钟豪 , 谭祖根 编 | |
| 分册: | ||
| 出版信息: | 北京 机械工业出版社 1983 |
|
| 页数: | 420页 | |
| 开本: | 25cm | |
| 丛书名: | ||
| 单 册: | ||
| 中图分类: | TM938.8 , TM93 | |
| 科图分类: | ||
| 主题词: | 非电量测量 , 电气测量 , 电工仪表 | |
| 电子资源: | ||
| ISBN: | ||
| 000 | 00746nam0 2200289 45 | |
| 001 | 0183000269 | |
| 005 | 20040521082447.2 | |
| 010 | @dCNY2.70 | |
| 091 | @a15033.5434 | |
| 100 | @a19950324d1983 em y0chiy0121 ea | |
| 101 | 0 | @achi |
| 102 | @aCN@b110000 | |
| 105 | @ay z 000yy | |
| 106 | @ar | |
| 200 | 10 | @a非电量电测技术@Afei dian liang dian ce ji shu@f严钟豪,谭祖根主编 |
| 210 | @a北京@c机械工业出版社@d1983 | |
| 215 | @a420页@d25cm | |
| 606 | @a非电量测量 | |
| 606 | 0 | @a电气测量 |
| 606 | 0 | @a电工仪表 |
| 690 | @aTM938.8@v3 | |
| 690 | @aTM93 | |
| 701 | 0 | @a严钟豪@Ayan zhong hao@4编 |
| 701 | 0 | @a谭祖根@Atan zu gen@4编 |
| 801 | 0 | @aCN@b上海图书馆@c20040521 |
| 801 | 2 | @aCN@bNLC@c20040521 |
| 905 | @f1@b119111@dTM93@e32 | |
| 非电量电测技术/严钟豪,谭祖根主编.-北京:机械工业出版社,1983 |
| 420页;25cm |
| ISBN :CNY2.70 |
| ● |
| 相关链接 |
|
|
|
|
正题名:非电量电测技术
索取号:TM93/32
 
预约/预借
| 序号 | 登录号 | 条形码 | 馆藏地/架位号 | 状态 | 备注 |
| 1 | 0119111 | 001652937 | 第三借阅区/ [索取号:TM93/32] | 在馆 | |
| 2 | 0119112 | 001346109 | 第二样本阅览室/ [索取号:TM93/32] | 在馆 |